| 000 | 02607cam a2200337 a 4500 | ||
|---|---|---|---|
| 003 | EG-GiCUC | ||
| 005 | 20250223032148.0 | ||
| 008 | 190114s2018 ua dhb f m 000 0 eng d | ||
| 040 |
_aEG-GiCUC _beng _cEG-GiCUC |
||
| 041 | 0 | _aeng | |
| 049 | _aDeposite | ||
| 097 | _aM.Sc | ||
| 099 | _aCai01.13.01.M.Sc.2018.Na.O | ||
| 100 | 0 | _aNashaat Gad Abdalla Gad | |
| 245 | 1 | 0 |
_aOptical and microphysical characteristics of aerosols over Egypt from nasa{u2019}ssatellites (2003-2014) / _cNashaat Gad Abdalla Gad ; Supervised Mohamed Bahai Eldeen Argoun , Mohammed Elsayed Shokr |
| 246 | 1 | 5 | _aالخصائص البصرية والميكروفيزيقية للهباء الجوي علي مصر من قياسات الأقمار الصناعية فى الفترة من ٢٠٠٣ إلى ٢٠١٤ |
| 260 |
_aCairo : _bNashaat Gad Abdalla Gad , _c2018 |
||
| 300 |
_a134 P. : _bcharts , facsimiles , maps ; _c30cm |
||
| 502 | _aThesis (M.Sc.) - Cairo University - Faculty of Engineering - Department of Aerospace Engineering | ||
| 520 | _aThe main objective of this thesis is to develop the knowledge of usages of remote sensing data for monitoring aerosols (pollutants) over Egypt. This has been achieved by addressing the following items: -Acquiring daily-average aerosol data from two space-borne sensors: NASA{u2019}s MODIS and MISR as well as the ground-based AERONET station in Cairo over 12-year period (2003-2014).-Inter-comparison of derived aerosol optical parameters from the three data sources, MODIS, MISR and AERONET station in Cairo, for the purpose validating MODIS and MISR Aerosol products, considering AERONET data as being truth data- determining aerosols optical and microphysical characteristics from three data sets.- Identify spatial and seasonal patterns of aerosols optical parameters over five selected cities: Alexandria, Cairo, Asyut, Hurghada and Aswan as well as two regions: Western Desert and Nile Delta then the entire country. -Using the available optical properties as proxy indictor of aerosol types. Approximate aerosol type maps are generated - Identifying days of severe events (high aerosol loading) during the study period (2003-2014) and identify the aerosols type(s) that characterize these events | ||
| 530 | _aIssued also as CD | ||
| 653 | 4 | _aAerosols | |
| 653 | 4 | _aAerosols types | |
| 653 | 4 | _aRemote Sensing | |
| 700 | 0 |
_aMohamed Bahai Eldeen Argoun , _eSupervisor |
|
| 700 | 0 |
_aMohammed Elsayed Shokr , _eSupervisor |
|
| 856 | _uhttp://172.23.153.220/th.pdf | ||
| 905 |
_aNazla _eRevisor |
||
| 905 |
_aShimaa _eCataloger |
||
| 942 |
_2ddc _cTH |
||
| 999 |
_c69560 _d69560 |
||